[Event "Chorzow Bak Memorial op"]
[Site "Chorzow"]
[Date "2010.11.16"]
[Round "6"]
[White "Solek, Zenon"]
[Black "Przybylka, Damian"]
[Result "0-1"]
[WhiteElo "1851"]
[BlackElo "2067"]
[PlyCount "100"]
[EventDate "2010.11.13"]
[EventType "swiss"]
[EventRounds "9"]
[EventCountry "POL"]
[SourceTitle "EXT 2012"]
[Source "ChessBase"]
[SourceDate "2011.11.24"]
[SourceVersion "1"]
[SourceVersionDate "2011.11.24"]
[SourceQuality "1"]

1. e4 e6 2. d4 d5 3. Nc3 Nf6 4. Bg5 Bb4 5. e5 h6 6. exf6 hxg5 7. fxg7 Rg8 8. h4 gxh4 9. Qh5 Qf6 10. Rxh4 Qxg7 11. Nf3 Nc6 12. Bb5 Bd7 13. Bxc6 Bxc6 14. Ne5 0-0-0 15. g3 Be8 16. Qf3 Rh8 17. Rxh8 Qxh8 18. 0-0-0 f6 19. Rh1 Qg7 20. Nd3 Bxc3 21. bxc3 Bg6 22. Qg4 Qf7 23. Nf4 Bf5 24. Qh5 Qd7 25. Qe2 Qa4 26. g4 Be4 27. f3 Qxa2 28. Rh6 e5 29. Ne6 exd4 30. Nxd4 c5 31. Nb3 d4 32. cxd4 Bd5 33. Qb5 Bxb3 34. cxb3 Qa1+ 35. Kc2 Qxd4 36. Qe2 Kb8 37. Rh5 Qa1 38. Rh2 a6 39. Rf2 b5 40. f4 b4 41. Rf3 Rd4 42. g5 c4 43. gxf6 Rd3 44. f7 Qc3+ 45. Kb1 Qxb3+ 46. Kc1 Rc3+ 47. Kd2 Qb2+ 48. Ke1 Rc1+ 49. Qd1 Rxd1+ 50. Kxd1 Qf6 0-1

[Event "Chorzow Bak Memorial op"]
[Site "Chorzow"]
[Date "2010.11.15"]
[Round "5"]
[White "Przybylka, Damian"]
[Black "Matuszczyk, Krystian"]
[Result "1/2-1/2"]
[WhiteElo "2067"]
[BlackElo "2049"]
[PlyCount "53"]
[EventDate "2010.11.13"]
[EventType "swiss"]
[EventRounds "9"]
[EventCountry "POL"]
[SourceTitle "EXT 2012"]
[Source "ChessBase"]
[SourceDate "2011.11.24"]
[SourceVersion "1"]
[SourceVersionDate "2011.11.24"]
[SourceQuality "1"]

1. e4 d6 2. d4 g6 3. f4 Bg7 4. Nf3 Nf6 5. Bd3 0-0 6. 0-0 c6 7. c3 Nbd7 8. e5 Nd5 9. Qe2 N7b6 10. Ng5 e6 11. Ne4 dxe5 12. fxe5 Nd7 13. Bg5 f6 14. exf6 N7xf6 15. Nbd2 h6 16. Nxf6+ Nxf6 17. Rxf6 Bxf6 18. Bxh6 Bg7 19. Bxg7 Kxg7 20. Nc4 e5 21. Qxe5+ Qf6 22. Re1 Qxe5 23. Rxe5 Kf6 24. Nd6 b5 25. Ne8+ Kf7 26. Nd6+ Kf6 27. Ne8+ 1/2-1/2

[Event "Chorzow Bak Memorial op"]
[Site "Chorzow"]
[Date "2010.11.14"]
[Round "4"]
[White "Galyga, Zbigniew"]
[Black "Przybylka, Damian"]
[Result "1/2-1/2"]
[WhiteElo "2134"]
[BlackElo "2067"]
[PlyCount "32"]
[EventDate "2010.11.13"]
[EventType "swiss"]
[EventRounds "9"]
[EventCountry "POL"]
[SourceTitle "EXT 2012"]
[Source "ChessBase"]
[SourceDate "2011.11.24"]
[SourceVersion "1"]
[SourceVersionDate "2011.11.24"]
[SourceQuality "1"]

1. Nf3 e6 2. c4 d5 3. g3 c6 4. Bg2 Bd6 5. 0-0 Nf6 6. Qc2 0-0 7. d4 Ne4 8. Nfd2 Nxd2 9. Nxd2 f5 10. b3 Nd7 11. Bb2 Nf6 12. Rae1 Bd7 13. Nf3 Be8 14. Ne5 Nd7 15. Nd3 g5 16. f4 g4 1/2-1/2

[Event "POL-ch Seniors"]
[Site "Swietochlowice"]
[Date "2008.10.06"]
[Round "9.8"]
[White "Krzempek, Angelika"]
[Black "Przybylka, Damian"]
[Result "0-1"]
[WhiteElo "1600"]
[BlackElo "2064"]
[PlyCount "68"]
[EventDate "2008.09.30"]
[EventType "swiss"]
[EventRounds "9"]
[EventCountry "POL"]
[SourceTitle "EXT 2023"]
[Source "ChessBase"]
[SourceDate "2022.10.05"]
[SourceVersion "1"]
[SourceVersionDate "2022.10.05"]
[SourceQuality "1"]

1. e4 e6 2. d4 d5 3. e5 c5 4. c3 Nc6 5. Nf3 Bd7 6. Be2 Nge7 7. Bg5 Qb6 8. b3 cxd4 9. cxd4 Nf5 10. Be3 Bb4+ 11. Nbd2 Ncxd4 12. Nxd4 Nxd4 13. a3 Bc3 14. Rb1 Qa5 15. a4 b5 16. Bxd4 Bxd4 17. b4 Qxa4 18. Qxa4 bxa4 19. f4 Ke7 20. Bf3 Bc3 21. Kf2 a3 22. Rb3 Bb2 23. b5 Rhc8 24. Be2 Bd4+ 25. Kg3 Rc2 26. Nf3 Bb2 27. Bd3 Rc3 28. Rxc3 Bxc3 29. Ne1 a2 30. Nc2 Rb8 31. Na1 Bxb5 32. Bxb5 Rxb5 33. Rc1 d4 34. Rc2 Rb2 0-1

[Event "POL-ch Seniors"]
[Site "Swietochlowice"]
[Date "2008.10.03"]
[Round "4.5"]
[White "Kazubek, Krzysztof"]
[Black "Przybylka, Damian"]
[Result "1-0"]
[WhiteElo "1961"]
[BlackElo "2064"]
[PlyCount "107"]
[EventDate "2008.09.30"]
[EventType "swiss"]
[EventRounds "9"]
[EventCountry "POL"]
[SourceTitle "EXT 2023"]
[Source "ChessBase"]
[SourceDate "2022.10.05"]
[SourceVersion "1"]
[SourceVersionDate "2022.10.05"]
[SourceQuality "1"]

1. e4 e5 2. Nf3 Nc6 3. Nc3 Nf6 4. g3 Bb4 5. d3 0-0 6. Bg2 Bxc3+ 7. bxc3 d6 8. 0-0 Bg4 9. h3 Bh5 10. Be3 Qe7 11. Rb1 Nd8 12. Qd2 c5 13. Nh4 Rb8 14. Nf5 Qd7 15. f4 Ne6 16. fxe5 dxe5 17. Nxg7 Kxg7 18. Bh6+ Kg6 19. Bxf8 Rxf8 20. g4 Bxg4 21. hxg4 Nxg4 22. Bh3 h5 23. Bxg4 hxg4 24. Rf5 f6 25. Qf2 Qh7 26. Rf1 Nf4 27. Rxf4 exf4 28. Qxf4 Qh4 29. Qf5+ Kg7 30. Rf4 Qe1+ 31. Kg2 Qe2+ 32. Rf2 Qd1 33. e5 g3 34. exf6+ Kh6 35. Qh3+ Qh5 36. Qxh5+ Kxh5 37. Kxg3 Rf7 38. Rf5+ Kg6 39. Kf4 Rxf6 40. Rxf6+ Kxf6 41. c4 Ke6 42. Ke4 Kd6 43. Kf5 Kc6 44. a4 Kb6 45. Ke5 Ka5 46. c3 Kxa4 47. d4 Kb3 48. d5 a5 49. d6 a4 50. d7 a3 51. d8Q a2 52. Qa8 Kb2 53. Qxb7+ Kxc3 54. Qa6 1-0

[Event "POL-ch Seniors"]
[Site "Swietochlowice"]
[Date "2008.09.30"]
[Round "1.7"]
[White "Przybylka, Damian"]
[Black "Rzepka, Maciej"]
[Result "1/2-1/2"]
[WhiteElo "2064"]
[BlackElo "1760"]
[PlyCount "38"]
[EventDate "2008.09.30"]
[EventType "swiss"]
[EventRounds "9"]
[EventCountry "POL"]
[SourceTitle "EXT 2023"]
[Source "ChessBase"]
[SourceDate "2022.10.05"]
[SourceVersion "1"]
[SourceVersionDate "2022.10.05"]
[SourceQuality "1"]

1. e4 e5 2. d4 exd4 3. Qxd4 Nc6 4. Qe3 Bb4+ 5. Bd2 Qe7 6. Nc3 Nf6 7. 0-0-0 0-0 8. Bd3 Ne5 9. f4 Nxd3+ 10. cxd3 d6 11. h3 c5 12. Nge2 Bd7 13. g4 Bc6 14. g5 Nh5 15. Rhe1 Rfe8 16. Qf3 g6 17. f5 c4 18. Nd4 Bxc3 19. bxc3 cxd3 1/2-1/2

[Event "POL-chT4 Slaskie"]
[Site "Poland"]
[Date "2008.05.17"]
[Round "7.19"]
[White "Nowakowski, Sebastian"]
[Black "Przybylka, Damian"]
[Result "1-0"]
[WhiteElo "1870"]
[BlackElo "2067"]
[PlyCount "46"]
[EventDate "2008.02.10"]
[EventType "team-swiss"]
[EventRounds "9"]
[EventCountry "POL"]
[SourceTitle "EXT 2019"]
[Source "ChessBase"]
[SourceDate "2018.10.10"]
[SourceVersion "1"]
[SourceVersionDate "2018.10.10"]
[SourceQuality "1"]

1. e4 c5 2. d4 cxd4 3. c3 dxc3 4. Nxc3 Nc6 5. Nf3 d6 6. Bc4 e6 7. 0-0 a6 8. a3 Be7 9. Qe2 b5 10. Ba2 Ra7 11. Rd1 Rd7 12. Bf4 g5 13. Be3 Bb7 14. Bd4 Nxd4 15. Nxd4 Bf6 16. g3 h5 17. Qe3 Ne7 18. Rac1 Qb6 19. Nxe6 fxe6 20. Bxe6 Rc7 21. Qf3 Be5 22. Qf7+ Kd8 23. Rxd6+ Bxd6 1-0

[Event "POL-chT4 Slaskie"]
[Site "Poland"]
[Date "2008.02.24"]
[Round "4.31"]
[White "Kasprzyk, Tomasz"]
[Black "Przybylka, Damian"]
[Result "1/2-1/2"]
[WhiteElo "2013"]
[BlackElo "2067"]
[PlyCount "123"]
[EventDate "2008.02.10"]
[EventType "team-swiss"]
[EventRounds "9"]
[EventCountry "POL"]
[SourceTitle "EXT 2019"]
[Source "ChessBase"]
[SourceDate "2018.10.10"]
[SourceVersion "1"]
[SourceVersionDate "2018.10.10"]
[SourceQuality "1"]

1. Nf3 d5 2. c4 e6 3. b3 d4 4. e3 c5 5. exd4 cxd4 6. Bb2 Nc6 7. Bd3 Nf6 8. 0-0 Bc5 9. Re1 0-0 10. Ne5 Qc7 11. Nxc6 bxc6 12. Bf1 e5 13. h3 Bf5 14. a3 a5 15. d3 Bg6 16. Nd2 Nd7 17. Ne4 Be7 18. Ng3 Rae8 19. Be2 f5 20. Bh5 c5 21. Bc1 Bh4 22. Nf1 Qd6 23. Bd2 Bd8 24. Bxg6 Qxg6 25. f3 Qd6 26. Re2 Nf6 27. Qe1 Nh5 28. f4 e4 29. dxe4 Nxf4 30. Bxf4 Qxf4 31. e5 Re6 32. Qd2 Qh4 33. Qd3 Bc7 34. Nh2 Bxe5 35. Nf3 Qf4 36. Rae1 Rfe8 37. b4 axb4 38. axb4 cxb4 39. c5 Kf8 40. c6 R6e7 41. Qb5 Bd6 42. Rxe7 Rxe7 43. Ra1 g6 44. Kf1 Re3 45. Qd5 Ra3 46. Rd1 d3 47. Rxd3 Rxd3 48. Qxd3 Qc1+ 49. Ke2 Qxc6 50. Qb3 Qe4+ 51. Kd1 Kg7 52. Qb2+ Kh6 53. Qd2+ Bf4 54. Qd8 b3 55. Qf8+ Kh5 56. g4+ fxg4 57. Qc5+ g5 58. hxg4+ Kxg4 59. Qc8+ Kxf3 60. Qg4+ Ke3 61. Qe2+ Kd4 62. Qc4+ 1/2-1/2

[Event "Stare Mesto op"]
[Site "Stare Mesto"]
[Date "2003.08.09"]
[Round "2"]
[White "Michenka, Jozef"]
[Black "Przybylka, Damian"]
[Result "1-0"]
[WhiteElo "2357"]
[BlackElo "2113"]
[PlyCount "117"]
[EventDate "2003.08.08"]
[EventType "swiss"]
[EventRounds "10"]
[EventCountry "CZE"]
[SourceTitle "CBM 095 Extra"]
[Source "ChessBase"]
[SourceDate "2003.09.04"]
[SourceVersion "1"]
[SourceVersionDate "2003.09.04"]
[SourceQuality "1"]

1. d4 d5 2. c4 Nc6 3. Nf3 Bg4 4. Nc3 Bxf3 5. exf3 Nf6 6. Bg5 e6 7. cxd5 exd5 8. Qe2+ Qe7 9. Bxf6 gxf6 10. Nxd5 Qxe2+ 11. Bxe2 0-0-0 12. Nxf6 Bb4+ 13. Kf1 Rxd4 14. Bb5 Rhd8 15. g3 Ne5 16. Kg2 c6 17. f4 Ng6 18. Be2 Rd2 19. Bg4+ Kc7 20. Rab1 R8d4 21. Rhd1 Bf8 22. Nxh7 Bc5 23. Rf1 f5 24. Bf3 Rc4 25. Ng5 Nf8 26. Bd1 Rb4 27. Bb3 a5 28. Nf3 Re2 29. Nh4 a4 30. Bd1 Rd2 31. a3 Rbxb2 32. Rxb2 Rxb2 33. Bxa4 b5 34. Bd1 Bxa3 35. Nxf5 c5 36. h4 c4 37. Nd4 Bc5 38. Nxb5+ Rxb5 39. Be2 Rb4 40. Rc1 Rb2 41. Rxc4 Kd6 42. Re4 Ne6 43. h5 Nd4 44. Bg4 Nc2 45. Re6+ Kd5 46. Re5+ Kd6 47. h6 Ne3+ 48. Kh3 Nxg4 49. Kxg4 Bxf2 50. h7 Rb8 51. Re2 Bd4 52. Rd2 Kd5 53. Kf5 Rf8+ 54. Kg6 Ra8 55. f5 Ke4 56. f6 Bxf6 57. Kxf6 Ra6+ 58. Kg5 Ra8 59. Rh2 1-0

[Event "POL-chT 2nd League South"]
[Site "Wisla"]
[Date "1998.??.??"]
[Round "?"]
[White "Przybylka, Damian"]
[Black "Szczesniak, Konrad"]
[Result "1-0"]
[WhiteElo "2120"]
[BlackElo "2155"]
[PlyCount "103"]
[EventDate "1998.11.20"]
[EventType "team-swiss"]
[EventRounds "10"]
[EventCountry "POL"]
[SourceTitle "EXT 2000"]
[Source "ChessBase"]
[SourceDate "1999.11.16"]
[SourceVersion "1"]
[SourceVersionDate "1999.11.16"]
[SourceQuality "1"]

1. e4 e6 2. d4 d5 3. e5 c5 4. c3 Nc6 5. Nf3 Qb6 6. a3 Bd7 7. b4 cxd4 8. cxd4 f6 9. Nc3 Rc8 10. Na4 Qc7 11. Bb2 b5 12. Bxb5 Nxe5 13. Bxd7+ Nxd7 14. Rc1 Qb8 15. 0-0 Bd6 16. Qe2 Kf7 17. Rfe1 Nf8 18. Nc5 Bxc5 19. dxc5 Ne7 20. Nd4 e5 21. Nb5 Rc6 22. Nd6+ Rxd6 23. cxd6 Qxd6 24. Qc2 Ne6 25. b5 Nf4 26. g3 Nh3+ 27. Kg2 Qd7 28. Qb3 h5 29. Bxe5 fxe5 30. Rxe5 Rf8 31. Qf3+ Kg8 32. Rxe7 Qxe7 33. Qxd5+ Kh7 34. Qxh5+ Kg8 35. Qd5+ Kh7 36. Qh5+ Kg8 37. Qd5+ Kh7 38. Kxh3 Qxa3 39. Qh5+ Kg8 40. Qd5+ Kh7 41. Rc4 Rf6 42. Rh4+ Rh6 43. Qe4+ Kh8 44. Rxh6+ gxh6 45. Qg6 Qf8 46. f4 Qc8+ 47. f5 Qc5 48. f6 Qc8+ 49. Kh4 Qc4+ 50. g4 Qc7 51. Qxh6+ Kg8 52. Qg7+ 1-0

[Event "POL-chT 2nd League South"]
[Site "Wisla"]
[Date "1998.??.??"]
[Round "?"]
[White "Zeberski, Jakub"]
[Black "Przybylka, Damian"]
[Result "1-0"]
[WhiteElo "2165"]
[BlackElo "2120"]
[PlyCount "75"]
[EventDate "1998.11.20"]
[EventType "team-swiss"]
[EventRounds "10"]
[EventCountry "POL"]
[SourceTitle "EXT 2000"]
[Source "ChessBase"]
[SourceDate "1999.11.16"]
[SourceVersion "1"]
[SourceVersionDate "1999.11.16"]
[SourceQuality "1"]

1. e4 e6 2. d4 d5 3. e5 c5 4. c3 Qb6 5. Nf3 Bd7 6. Be2 Bb5 7. 0-0 Bxe2 8. Qxe2 Nc6 9. Be3 cxd4 10. cxd4 Nge7 11. Nc3 Nf5 12. Qd3 Be7 13. Nxd5 Qa5 14. Nxe7 Ncxe7 15. Bg5 h6 16. Bxe7 Nxe7 17. Nd2 0-0 18. Nc4 Qd5 19. Rfd1 Nf5 20. Ne3 Nxe3 21. fxe3 Rac8 22. e4 Qa5 23. Qd2 Qa4 24. b3 Qa3 25. Rac1 Rfd8 26. d5 Rxc1 27. Rxc1 exd5 28. exd5 Qe7 29. Qd4 Qg5 30. Rd1 Rc8 31. d6 Rc2 32. g3 Qh5 33. Rd2 Rxd2 34. Qxd2 Qxe5 35. d7 Qc5+ 36. Kg2 Qc6+ 37. Kh3 Qe6+ 38. g4 1-0

[Event "Bytom op"]
[Site "Bytom"]
[Date "1995.??.??"]
[Round "?"]
[White "Radzikowska, Krystyna"]
[Black "Przybylka, Damian"]
[Result "1/2-1/2"]
[WhiteElo "2015"]
[BlackElo "2120"]
[PlyCount "52"]
[EventDate "1995.??.??"]
[EventType "swiss"]
[EventRounds "9"]
[EventCountry "POL"]
[SourceTitle "EXT 1997"]
[Source "ChessBase"]
[SourceDate "1996.11.15"]
[SourceVersion "1"]
[SourceVersionDate "1996.11.15"]
[SourceQuality "1"]

1. d4 e6 2. c4 Nf6 3. Nf3 Bb4+ 4. Bd2 Qe7 5. Nc3 c5 6. e3 0-0 7. Be2 d6 8. Qc2 Bd7 9. 0-0 Bc6 10. Rad1 Bxc3 11. Bxc3 Be4 12. Qc1 b6 13. Ne1 e5 14. dxe5 dxe5 15. f3 Bb7 16. e4 Nc6 17. Nc2 Nd4 18. Rfe1 Rad8 19. Ne3 Ba6 20. b3 Nxe2+ 21. Rxe2 Rxd1+ 22. Qxd1 Rd8 23. Rd2 Rxd2 24. Qxd2 Qd7 25. Qxd7 Nxd7 26. Nd5 Kf8 1/2-1/2

[Event "Czestochowa YAWAL op"]
[Site "Czestochowa"]
[Date "1994.??.??"]
[Round "1"]
[White "Koral, A."]
[Black "Przybylka, Damian"]
[Result "0-1"]
[WhiteElo "1800"]
[BlackElo "2260"]
[PlyCount "95"]
[EventDate "1994.??.??"]
[EventType "swiss"]
[EventRounds "9"]
[EventCountry "POL"]
[SourceTitle "EXT 2006"]
[Source "ChessBase"]
[SourceDate "2005.11.24"]
[SourceVersion "1"]
[SourceVersionDate "2005.11.24"]
[SourceQuality "1"]

1. Nf3 e6 2. c4 Nf6 3. g3 d5 4. Bg2 Be7 5. 0-0 0-0 6. Qc2 c6 7. d3 a5 8. Nbd2 a4 9. a3 b6 10. e4 d4 11. Re1 Bb7 12. b4 axb3 13. Nxb3 c5 14. Bd2 Nc6 15. Ra2 Ra6 16. Rea1 Qc7 17. a4 Rfa8 18. Nc1 Nd7 19. Rb2 f6 20. Bh3 Kf7 21. Qb3 g5 22. Bg2 h5 23. h3 Na5 24. Qc2 Bc6 25. Rba2 Rg8 26. Qd1 g4 27. hxg4 hxg4 28. Nh2 f5 29. Qe2 Bd6 30. exf5 exf5 31. Bd5+ Bxd5 32. cxd5 Re8 33. Qf1 Nf6 34. Qg2 Re5 35. Nf1 Nxd5 36. Rb1 Nc6 37. Qh2 Ra8 38. Qh5+ Ke6 39. Qg6+ Kd7 40. Rab2 Ncb4 41. Bxb4 Nxb4 42. Re2 Rae8 43. Rxe5 Rxe5 44. Qf7+ Kc6 45. Qxc7+ Bxc7 46. Kg2 Re1 47. Nd2 f4 48. Ndb3 0-1

[Event "Zabrzanski Wrzesien op"]
[Site "Zabrzanski Wrzesien"]
[Date "1994.??.??"]
[Round "?"]
[White "Przybylka, Damian"]
[Black "Noga, Jozef"]
[Result "0-1"]
[WhiteElo "2260"]
[BlackElo "2145"]
[PlyCount "108"]
[EventDate "1994.??.??"]
[EventType "swiss"]
[EventRounds "9"]
[EventCountry "POL"]
[SourceTitle "EXT 1999"]
[Source "ChessBase"]
[SourceDate "1998.11.16"]
[SourceVersion "1"]
[SourceVersionDate "1998.11.16"]
[SourceQuality "1"]

1. e4 d5 2. exd5 Qxd5 3. d4 e5 4. dxe5 Qxe5+ 5. Qe2 Nc6 6. Qxe5+ Nxe5 7. Bf4 Bd6 8. Nc3 Nd3+ 9. Bxd3 Bxf4 10. Nge2 Be5 11. f4 Bf6 12. Nd5 Bd8 13. 0-0-0 Ne7 14. Nec3 Nxd5 15. Nxd5 Be6 16. Bc4 0-0 17. Ne3 Re8 18. Bxe6 Rxe6 19. Rhe1 c6 20. f5 Re4 21. Re2 Bg5 22. Rde1 Rae8 23. Kd2 Rd8+ 24. Kc1 Rd5 25. b3 Rxf5 26. c3 Rxe3 27. Rxe3 Rf2 28. Kd1 Bxe3 29. Rxe3 Kf8 30. Re2 Rxe2 31. Kxe2 Ke7 32. Ke3 Kd6 33. Ke4 g6 34. g4 h6 35. a4 Ke6 36. b4 f5+ 37. gxf5+ gxf5+ 38. Kf4 Kf6 39. c4 a6 40. b5 Ke6 41. b6 c5 42. a5 Kf6 43. h3 Ke6 44. h4 Kf6 45. Kf3 Ke5 46. Ke3 f4+ 47. Kf3 h5 48. Ke2 Ke4 49. Kf2 f3 50. Kf1 Kf5 51. Kg1 Kg4 52. Kf2 Kf4 53. Kf1 Kg3 54. Kg1 Kxh4 0-1

[Event "Czestochowa YAWAL op"]
[Site "Czestochowa"]
[Date "1994.??.??"]
[Round "2"]
[White "Przybylka, Damian"]
[Black "Plutecki, Grzegorz"]
[Result "1-0"]
[WhiteElo "2260"]
[BlackElo "1800"]
[PlyCount "107"]
[EventDate "1994.??.??"]
[EventType "swiss"]
[EventRounds "9"]
[EventCountry "POL"]
[SourceTitle "EXT 2006"]
[Source "ChessBase"]
[SourceDate "2005.11.24"]
[SourceVersion "1"]
[SourceVersionDate "2005.11.24"]
[SourceQuality "1"]

1. e4 e6 2. d4 d5 3. e5 b6 4. c3 Qd7 5. Nf3 Ne7 6. Na3 Ba6 7. Bxa6 Nxa6 8. Qd3 Nb8 9. b4 Ng6 10. h4 h5 11. g3 Ne7 12. Nc2 Nf5 13. a4 c5 14. bxc5 bxc5 15. dxc5 Bxc5 16. Nfd4 Nxd4 17. cxd4 Be7 18. Ba3 Nc6 19. 0-0 0-0 20. Rfb1 Rab8 21. Rb5 a6 22. Bxe7 Qxe7 23. Rxb8 Nxb8 24. Ra3 Rc8 25. Rc3 Qb7 26. f4 g6 27. Kf2 Rxc3 28. Qxc3 Qc6 29. Qb3 Nd7 30. a5 Qc7 31. Qa4 Kg7 32. Ne1 Nb8 33. Qb4 Nc6 34. Qc5 Qb7 35. Nc2 Qb5 36. Qxb5 axb5 37. a6 Kf8 38. Nb4 Na7 39. Kf3 Ke7 40. g4 Kd7 41. gxh5 gxh5 42. f5 Nc6 43. fxe6+ fxe6 44. Ke3 Kc7 45. Nd3 b4 46. Nc5 Kb6 47. Nxe6 b3 48. Kd3 Nb4+ 49. Kc3 Nxa6 50. Kxb3 Nb8 51. Nf4 Kc6 52. Nxh5 Nd7 53. Nf6 Nf8 54. h5 1-0

[Event "Zabrzanski Wrzesien op"]
[Site "Zabrzanski Wrzesien"]
[Date "1994.??.??"]
[Round "?"]
[White "Przybylka, Damian"]
[Black "Widera, Jan"]
[Result "0-1"]
[WhiteElo "2260"]
[BlackElo "2200"]
[PlyCount "86"]
[EventDate "1994.??.??"]
[EventType "swiss"]
[EventRounds "9"]
[EventCountry "POL"]
[SourceTitle "EXT 1999"]
[Source "ChessBase"]
[SourceDate "1998.11.16"]
[SourceVersion "1"]
[SourceVersionDate "1998.11.16"]
[SourceQuality "1"]

1. e4 c5 2. c3 d5 3. exd5 Qxd5 4. d4 Nf6 5. Nf3 Nc6 6. Be2 e6 7. 0-0 cxd4 8. cxd4 Be7 9. Nc3 Qd6 10. a3 0-0 11. Be3 b6 12. Rc1 Bb7 13. b4 Rac8 14. h3 Rfe8 15. Qb3 Bf8 16. Rfd1 h6 17. d5 exd5 18. Nxd5 Nxd5 19. Rxd5 Qe7 20. Rdd1 Ne5 21. Nd4 Qf6 22. Qb1 g6 23. Rxc8 Rxc8 24. Rc1 Rxc1+ 25. Qxc1 Qd6 26. Nb5 Qd5 27. Bf1 Nf3+ 28. Kh1 g5 29. Qc4 Qf5 30. Nd4 Nxd4 31. Qxd4 Qxh3+ 32. Kg1 Qf5 33. Qd8 Qc8 34. Qd3 Qc6 35. Qd8 Qc8 36. Qd3 Bg7 37. Be2 Bf6 38. Bh5 Qe6 39. f3 Qd5 40. Qc2 Be5 41. Kh1 Bg3 42. Qa4 Qe6 43. Bd4 Qe1+ 0-1

[Event "Zabrzanski Wrzesien op"]
[Site "Zabrzanski Wrzesien"]
[Date "1994.??.??"]
[Round "?"]
[White "Szczygiel, Agnieszka"]
[Black "Przybylka, Damian"]
[Result "1/2-1/2"]
[WhiteElo "2120"]
[BlackElo "2260"]
[PlyCount "53"]
[EventDate "1994.??.??"]
[EventType "swiss"]
[EventRounds "9"]
[EventCountry "POL"]
[SourceTitle "EXT 1999"]
[Source "ChessBase"]
[SourceDate "1998.11.16"]
[SourceVersion "1"]
[SourceVersionDate "1998.11.16"]
[SourceQuality "1"]

1. e4 e6 2. d4 d5 3. Nd2 Nf6 4. e5 Nfd7 5. Bd3 c5 6. c3 Nc6 7. Ne2 f6 8. exf6 Qxf6 9. Nf3 e5 10. dxe5 Ndxe5 11. Nxe5 Qxe5 12. 0-0 Be7 13. Bf4 Qf6 14. Bg3 0-0 15. Nf4 Be6 16. Nxe6 Qxe6 17. Re1 Qf7 18. Qc2 a6 19. Rad1 Rad8 20. Be2 Bd6 21. Bg4 Rfe8 22. Rxe8+ Qxe8 23. Qd2 Bxg3 24. hxg3 d4 25. Re1 Qf8 26. Bf3 Qf6 27. Bxc6 1/2-1/2